Pick Which Color? Quiz Stats

 Plays Quiz Updated Jan 19, 2017

Support Sporcle.
Go Orange.
Score 0/30 Timer 01:00
10 Plays Today
Question Answer Wrong Answers
Click the word red ???
46.1%
???
0.1%
???
0%
???
0.1%
Click the word blue ???
46%
???
0%
???
0.1%
???
0%
Click the color purple ???
46%
???
0.1%
???
0.1%
???
0.1%
Click the word orange ???
46%
???
0%
???
0.1%
???
0.1%
Click the word green ???
45.9%
???
0.1%
???
0.2%
???
0.1%
Click the word black ???
45.6%
???
0.1%
???
0.3%
???
0.1%
Click the word purple ???
45.1%
???
0.1%
???
0.6%
???
0.1%
Click the color green ???
44.3%
???
1.3%
???
0%
???
0.1%
Click the color black ???
44.2%
???
1.5%
???
0.1%
???
0%
Click the color green ???
44.2%
???
1.2%
???
0.1%
???
0.1%
Click the color black ???
44.2%
???
1.6%
???
0.1%
???
0.1%
Click the color red ???
44%
???
1.5%
???
0%
???
0.2%
Click the color red ???
44%
???
1.5%
???
0%
???
0.1%
Click the color yellow ???
44%
???
1.6%
???
0.1%
???
0.1%
Click the color blue ???
43.9%
???
1.7%
???
0.1%
???
0.1%
Click the color purple ???
43.8%
???
1.8%
???
0.1%
???
0.1%
Click the color yellow ???
43.8%
???
1.8%
???
0%
???
0.1%
Click the color blue ???
43.8%
???
1.7%
???
0%
???
0.1%
Click the color pink ???
43.7%
???
1.6%
???
0.1%
???
0.5%
Click the word purple ???
43.6%
???
0.1%
???
0.1%
???
2.7%
Click the color orange ???
43.4%
???
2.3%
???
0.1%
???
0.1%
Click the color orange ???
43.3%
???
2.4%
???
0.1%
???
0.1%
Click the word yellow ???
42.9%
???
0.1%
???
0%
???
3.1%
Click the word orange ???
42.8%
???
0.1%
???
0.1%
???
3.3%
Click the word blue ???
42.7%
???
3.3%
???
0.2%
???
0.1%
Click the word red ???
42.6%
???
3.5%
???
0.1%
???
0.1%
Click the word yellow ???
42.6%
???
0.1%
???
0.1%
???
3.3%
Click the word pink ???
42.5%
???
0.1%
???
0.1%
???
3.7%
Click the word green ???
42.4%
???
3.8%
???
0.1%
???
0.1%
Click the word black ???
41.6%
???
4.8%
???
0.3%
???
0.1%

You're not logged in!

Compare scores with friends on all Sporcle quizzes.
OR
Log In
Forgot?

From the Vault

Countries: After 'I'

by eyes355

Not all quizzes are easy on the I's.
Remove Ads.
Support Sporcle.
Get the best of Sporcle when you Go Orange. This ad-free experience offers more features, more stats, and more fun while also helping to support Sporcle. Thank you for becoming a member.

Show Comments

Extras

Top Quizzes Today


Score Distribution

Your Account Isn't Verified!

In order to create a playlist on Sporcle, you need to verify the email address you used during registration. Go to your Sporcle Settings to finish the process.

Report this User

Report this user for behavior that violates our Community Guidelines.

Details: